Evaluación del biosólido Xolotlán en el cultivo de chiltoma (CAPSICUM ANNUM) con la variedad tres canto en el Centro Experimental Agrícola (CEA- UNI) Tisma, Masaya
La investigación aborda la aplicación del BIOSOLIDO XOLOTLAN como fertilizante edáfico aplicado al cultivo de la chiltoma de la variedad tres canto y a su vez identificar las propiedades físicas y químicas antes y después de su aplicación para conocer el aumento de macro elementos existentes...
| Main Authors: | , , |
|---|---|
| Other Authors: | |
| Format: | Tesis Section = Libro |
| Language: | Undetermined Spanish |
| Published: |
Managua
UNI
2016
|
| Subjects: |
| LEADER | 01600nam a2200301Ia 4500 | ||
|---|---|---|---|
| 008 | 240830s9999 xx 000 0 und d | ||
| 040 | |a BIBLIOTECA-RUPAP Mon 635 V434 | ||
| 041 | |a spa | ||
| 082 | |a Mon 635 V434 | ||
| 100 | 1 | |a Velásquez Cruz, Arlen Junieth | |
| 100 | 1 | |b Mayorga López, Emir Alexander | |
| 100 | 1 | |c Toruño Martínez, Guillermo Fabricio | |
| 245 | 1 | 0 | |a Evaluación del biosólido Xolotlán en el cultivo de chiltoma (CAPSICUM ANNUM) con la variedad tres canto en el Centro Experimental Agrícola (CEA- UNI) Tisma, Masaya |
| 260 | |a Managua |b UNI |c 2016 | ||
| 300 | |a 130 p. :il. | ||
| 500 | |a Contiene: anexos e Incluye: CD. | ||
| 502 | |a Tesis (Ingeniero Agrícola)- UNI, 2016. | ||
| 520 | 3 | |a La investigación aborda la aplicación del BIOSOLIDO XOLOTLAN como fertilizante edáfico aplicado al cultivo de la chiltoma de la variedad tres canto y a su vez identificar las propiedades físicas y químicas antes y después de su aplicación para conocer el aumento de macro elementos existentes en el suelo, de esta manera se procedió a determinar la dosis única aplicada al cultivo en base a sus necesidades nutricionales, obteniendo como resultado mediante una metodología de cálculo para para fertilizantes la dosis encontrada fue de 2.23 lib/planta. | |
| 650 | 7 | |a CHILTOMA-CULTIVO | |
| 650 | 7 | |b RIEGO POR GOTEO-SISTEMA | |
| 650 | 7 | |c MANEJO AGRONOMO | |
| 650 | 7 | |d CULTIVOS AGRICOLAS | |
| 650 | 7 | |e BIOSOLIDOS | |
| 650 | 7 | |f CHILTOMA-SIEMBRA | |
| 700 | 1 | |a Tutor: |b Padilla Duarte, Emilseth Carolina | |
| 942 | |c BK |2 ddc | ||
| 991 | |a TESIS | ||
| 999 | |c 16760 | ||